Financing the Green Transition
Enregistré dans:
| Auteur principal: | |
|---|---|
| Format: | Livre |
| Langue: | anglais |
| Tags: |
Pas de tags, Soyez le premier à ajouter un tag!
|
MARC
| LEADER | 00000nam a2200000 4500 | ||
|---|---|---|---|
| 001 | 0315365 | ||
| 005 | 20260309150824.8 | ||
| 020 | |a 9783032104403 | ||
| 041 | 0 | |a eng | |
| 245 | 1 | 0 | |a Financing the Green Transition |c Sinan Küfeoğlu |
| 500 | |a ProQuest e-books. | ||
| 100 | 1 | |a Küfeoğlu, Sinan | |